• 首页
  • 本馆介绍
  • 公告通知
  • 最新文献
  • 馆藏检索
  • 电子资源
  • 读者导购
  • 参考咨询
  • 我的图书馆
  • 登录
  • 详细信息显示
  • 放入我的书架
  • 预约/预借图书
  • 作者相关作品
  • 分类相关作品
  • 丛书相关作品
  • 出版社相关作品

书目信息

  • 表格格式
  • 工作单格式
  • 卡片格式
题名:
休克尔分子轨道模型及其应用
    
 
作者: 海尔布伦纳 , Heilbronner , 博克 , Bock 著 ;王宗睦 译
分册: 第三卷   休克尔分子轨道表
出版信息: 北京   科学出版社  1984
页数: 204页
开本: 21cm
丛书名:
单 册:
中图分类: O641.12
科图分类:
主题词: 休克尔分子轨道--应用
电子资源:
ISBN:
000 01091nam0 2200325 45
001 0182005178
005 20040521111844.5
010    @dCNY1.35
091    @a13031.2073
100    @a19950728f19841984em y0chiy0121 ea
101 1  @achi@beng@cger
102    @aCN@b110000
105    @ay z 000yy
106    @ar
200 10 @a休克尔分子轨道模型及其应用@Axiu ke er fen zi gui dao mo xing ji qi ying yong@h第三卷@i休克尔分子轨道表@f(瑞士)海尔布伦纳(E.Heilbronner),(西德)博克(H.Bock)著@g王宗睦译
210    @a北京@c科学出版社@d1984
215    @a204页@d21cm
300    @a书名原文:The HMO Model and its Application
510 1  @aThe HMO Model and its Application@zeng
517    @a休克尔分子轨道表@AXiu Ke Er Fen Zi Gui Dao Biao
606    @a休克尔分子轨道@x应用
690    @aO641.12@v3
701  1 @a海尔布伦纳@Ahai er bu lun na@bE.@4著
701 A1 @aHeilbronner@bE.@4著
701  1 @a博克@Abo ke@bH.@4著
701 A1 @aBock@bH.@4A著
702  0 @a王宗睦@Awang zong mu@4译
801  0 @aCN@b上海图书馆@c20040521
801  2 @aCN@bNLC@c20040521
905    @dO641.12@e14:3@f1@b129623
    
    休克尔分子轨道模型及其应用.第三卷.休克尔分子轨道表/(瑞士)海尔布伦纳(E.Heilbronner),(西德)博克(H.Bock)著/王宗睦译.-北京:科学出版社,1984
    204页;21cm
    书名原文:The HMO Model and its Application
    
    ISBN :CNY1.35
    
●
相关链接 在E读中查询图书 在五车中查询图书 在当当中查询图书 在豆瓣中查询图书


正题名:休克尔分子轨道模型及其应用     索取号:O641.12/14:3         预约/预借

序号 登录号 条形码 馆藏地/架位号 状态 备注
1 0129622   202104775   第二样本阅览室/ [索取号:O641.12/14:3] 在馆    
2 0129623   000347690   第三借阅区/ [索取号:O641.12/14:3] 在馆    
唐山师范学院图书馆 欢迎您!
大连网信软件有限公司© 版权所有